Przyporządkuj powiat województwa małopolskiego do rejestracji - Statystyki

Ogólne statystyki
  • Ten quiz został rozwiązany 36 razy
  • Średni wynik to 17 z 22
Odpowiedzi na mapie
Odpowiedzi zakodowano w zielono-czerwonej skali na mapie do tego quizu, zgodnie z poniższymi procentami.
 
Statystyki odpowiedzi
Odpowiedź % Poprawnych
KK / KR
95%
KTT
90%
KN
86%
KNS
86%
KTA
86%
KWI
86%
KRA
81%
KT
81%
KBR
76%
KCH
76%
KDA
76%
KMI
76%
KNT
76%
KOL
76%
KWA
76%
KGR
71%
KPR
71%
KBA / KBC
67%
KSU
67%
KOS
62%
KLI
57%
KMY
57%
Nie znaleziono quizów pasujących do podanych kryteriów
Rozkład punktacji
Procent ludzi z każdym wynikiem
Percentyl według liczby udzielonych odpowiedzi
Twoja historia wyników
Nie rozwiązałeś tego quizu